Narrating Tamil nationalism : (Record no. 208)
[ view plain ]
| 000 -LEADER | |
|---|---|
| fixed length control field | 00536cam a2200193 a 4500 |
| 001 - CONTROL NUMBER | |
| control field | 14165609 |
| 005 - DATE AND TIME OF LATEST TRANSACTION | |
| control field | 20240129045536.0 |
| 008 - FIXED-LENGTH DATA ELEMENTS--GENERAL INFORMATION | |
| fixed length control field | 051108s2005 ce a b 000 0 eng |
| 020 ## - INTERNATIONAL STANDARD BOOK NUMBER | |
| ISBN | 955126603X |
| 040 ## - CATALOGING SOURCE (பட்டியலாக்க மூலம்) | |
| Original cataloging agency | DLC |
| Transcribing agency | DLC |
| Modifying agency | DLC |
| 082 ## - DDC Classification | |
| DDC Edition Number | 22 |
| Class No. | 305.8. |
| Item Number - Author Mark | MIC. |
| 100 1# - MAIN ENTRY--PERSONAL NAME | |
| Personal name | Roberts, Michael, |
| 245 10 - TITLE STATEMENT | |
| Title | Narrating Tamil nationalism : |
| Remainder of title | subjectivities & issues / |
| Statement of responsibility, etc. | Michael Roberts. |
| 260 ## - PUBLICATION, DISTRIBUTION, ETC. | |
| Place of publication, distribution, etc. | Colombo : |
| Name of publisher, distributor, etc. | Vijitha Yapa Publications, |
| Date of publication, distribution, etc. | 2005 |
| 300 ## - PHYSICAL DESCRIPTION | |
| Extent (e.g. Volumes, Pages etc.) | 52 p. : |
| 650 #0 - SUBJECT ADDED ENTRY--TOPICAL TERM | |
| Topical term or geographic name entry element | Tamil (Indic people) |
| 650 #0 - SUBJECT ADDED ENTRY--TOPICAL TERM | |
| Topical term or geographic name entry element | Nationalism |
| 942 ## - Koha item type (Biblio) | |
| Koha item type | Books in Stacks (Lending) |
| Lost status | Damaged status | Collection code | Home library | Current library | Date acquired | Full call number | Accession Number | Item type |
|---|---|---|---|---|---|---|---|---|
| Lending | WERC Library | WERC Library | 01/29/2024 | 305.8. MIC. | 5628 | Books in Stacks (Lending) |
